An outline of abnormal psychology, (Record no. 5110)

MARC details
000 -LEADER
fixed length control field 00860cam a22002651 4500
001 - CONTROL NUMBER
control field 3583107
003 - CONTROL NUMBER IDENTIFIER
control field GBCCL
005 - DATE AND TIME OF LATEST TRANSACTION
control field 20241126110533.0
008 - FIXED-LENGTH DATA ELEMENTS--GENERAL INFORMATION
fixed length control field 751121s1954 nyua b 000 0 eng
010 ## -
-- 54009970
040 ## - CATALOGING SOURCE
Original cataloging agency DLC
Transcribing agency Wa
Modifying agency DLC
050 00 -
-- BF173
-- .M83 1954
082 00 - DEWEY DECIMAL CLASSIFICATION NUMBER
Classification number 616.89
Item number ABN
100 1# - MAIN ENTRY--PERSONAL NAME
Personal name Murphy, Gardner,
Dates associated with a name 1895-1979,
Relator term ed.
9 (RLIN) 9221
245 13 - TITLE STATEMENT
Title An outline of abnormal psychology,
Statement of responsibility, etc. edited by Gardner Murphy and Arthur J. Bachrach.
250 ## - EDITION STATEMENT
Edition statement Rev. ed.
260 ## - PUBLICATION, DISTRIBUTION, ETC.
Place of publication, distribution, etc. New York,
Name of publisher, distributor, etc. Modern Library
Date of publication, distribution, etc. [1954]
300 ## - PHYSICAL DESCRIPTION
Extent xxxiii, 597 p.
Other physical details illus.
Dimensions 19 cm.
490 0# - SERIES STATEMENT
Series statement The Modern library of the world's best books, 152
504 ## - BIBLIOGRAPHY, ETC. NOTE
Bibliography, etc. note Includes bibliographies.
650 #0 - SUBJECT ADDED ENTRY--TOPICAL TERM
Topical term or geographic name entry element Psychology, Pathological.
9 (RLIN) 361
700 1# - ADDED ENTRY--PERSONAL NAME
Personal name Bachrach, Arthur J.,
Relator term joint ed.
9 (RLIN) 9222
906 ## - LOCAL DATA ELEMENT F, LDF (RLIN)
a 7
b cbc
c orignew
d u
e ocip
f 19
g y-gencatlg
942 ## - ADDED ENTRY ELEMENTS (KOHA)
Source of classification or shelving scheme Dewey Decimal Classification
Koha item type Books
Holdings
Withdrawn status Lost status Source of classification or shelving scheme Damaged status Not for loan Home library Current Library Shelving location Date acquired Total checkouts Full call number Barcode Date last seen Copy number Price effective from Koha item type
    Dewey Decimal Classification     GRACE BIBLE COLLEGE GRACE BIBLE COLLEGE General Studies 2018-02-27   616.89 ABN 000347 2025-05-01 c.1 2018-02-27 Books
© Grace Bible College Library 2025